| 000 | 01043cam a2200313 i 4500 | ||
|---|---|---|---|
| 001 | 18266232 | ||
| 003 | OSt | ||
| 005 | 20260129111432.0 | ||
| 008 | 140813s2014 enka b 001 0deng | ||
| 010 | _a 2014415268 | ||
| 020 | _a071484442X | ||
| 020 | _a9780714844428 | ||
| 040 |
_aDLC _beng _erda _cDLC _dDLC |
||
| 042 | _apcc | ||
| 043 | _ae-fi--- | ||
| 050 | 0 | 0 |
_a 720.9 _b2014. |
| 082 |
_a720.9 _bMCC |
||
| 100 | 1 |
_aMcCarter, Robert, _d1955- _98249 |
|
| 245 | 1 | 0 |
_aAalto / _cRobert McCarter. |
| 260 |
_alondon: _bphaidon; _c2014. |
||
| 300 |
_a247 pages : _billustrations (some color) ; _c28 cm |
||
| 504 | _aIncludes bibliographical references (pages 240-241) and index. | ||
| 600 | 1 | 0 |
_aAalto, Alvar, _d1898-1976 _xCriticism and interpretation. _933743 |
| 650 | 0 |
_aModern movement (Architecture) _zFinland. _9119170 |
|
| 700 | 1 | 2 |
_aAalto, Alvar, _d1898-1976. _tWorks. _kSelections. _9119171 |
| 906 |
_a7 _bcbc _corigres _d2 _encip _f20 _gy-gencatlg |
||
| 942 |
_2ddc _cBK |
||
| 999 |
_c354119 _d354119 |
||